Minimálne bezpečnostné a zdravotné požiadavky stanovené pre zamestnávateľa

Zákon o bezpečnosti a ochrane zdravia pri práci (č. 124/2006 Z. z. v platnom znení) stanovuje zamestnávateľom povinnosť uplatňovať všeobecné zásady prevencie pri vykonávaní opatrení nevyhnutných na zaistenie bezpečnosti a ochrany zdravia pri práci. Jednou z nich je i potreba dodržiavať minimálne bez...

ver descrição completa

Na minha lista:
Detalhes bibliográficos
Autor principal: Tichý, Miroslav
Formato: Capítulo de Livro
Idioma:eslovaco
Assuntos:
Tags: Adicionar Tag
Sem tags, seja o primeiro a adicionar uma tag!

MARC

LEADER 00000naa a2200000 4500
001 0308582
005 20250515094204.7
041 0 |a slo 
044 |a SK 
245 1 0 |a Minimálne bezpečnostné a zdravotné požiadavky stanovené pre zamestnávateľa  |c Miroslav Tichý 
520 |a Zákon o bezpečnosti a ochrane zdravia pri práci (č. 124/2006 Z. z. v platnom znení) stanovuje zamestnávateľom povinnosť uplatňovať všeobecné zásady prevencie pri vykonávaní opatrení nevyhnutných na zaistenie bezpečnosti a ochrany zdravia pri práci. Jednou z nich je i potreba dodržiavať minimálne bezpečnostné a zdravotné požiadavky na vykonávanú prácu. 
610 2 0 |a bezpečnosť práce 
610 2 0 |a ochrana zdravia 
610 2 0 |a zamestnanci 
610 2 0 |a povinnosti zamestnávateľov 
610 2 0 |a pracovisko 
610 2 0 |a práca 
610 2 0 |a zákony 
610 2 0 |a legislatíva 
100 1 |a Tichý, Miroslav